Operations Research: applications and algorithms
Uloženo v:
| Hlavní autor: | |
|---|---|
| Médium: | Kniha |
| Jazyk: | španělština |
| Vydáno: |
Belmont
Duxbury
1993
|
| Vydání: | 3a. ed |
| Témata: | |
| Tagy: |
Přidat tag
Žádné tagy, Buďte první, kdo vytvoří štítek k tomuto záznamu!
|
MARC
| LEADER | 00000nam a2200000 a 4500 | ||
|---|---|---|---|
| 001 | UCR8921 | ||
| 003 | CL-VaPUC | ||
| 008 | 980605e19930000US |||||||||||||||||spa|d | ||
| 082 | 0 | 4 | |a 658.403 |b WIN |2 21 |
| 100 | 0 | |a Winston, Wayne L |e author |9 411046 | |
| 245 | 1 | 0 | |a Operations Research: applications and algorithms |
| 250 | |a 3a. ed | ||
| 300 | |a 1312 p | ||
| 942 | |c BK | ||
| 945 | |d 19980605 00:00:00 |a mvenant | ||
| 260 | |a Belmont |b Duxbury |c 1993 | ||
| 500 | |a Acompaña guía de usuario y diskettes | ||
| 650 | 0 | |a Álgebra lineal |9 260445 | |
| 650 | 7 | |a PROGRAMACION LINEAR |2 CL-VaPUC |9 411047 | |
| 650 | 7 | |a MODELOS DE REDES |2 CL-VaPUC |9 345203 | |
| 650 | 7 | |a PROGRAMACION NO LINEAR |2 CL-VaPUC |9 411048 | |
| 650 | 0 | |a Toma de decisiones |9 257530 | |
| 650 | 7 | |a SIMULACION |2 CL-VaPUC |9 338579 | |
| 583 | |a last modification |c 19980605 00:00:00 |k Rodrigo Vera | ||
| 999 | |c 270216 |d 270214 | ||
| 952 | |0 0 |1 0 |4 0 |6 658_403000000000000_WIN_1993 |7 0 |8 CCM |9 304367 |a BIBCUR |b BIBCUR |d 2019-11-20 |i 3430316 |o 658.403 WIN 1993 |p 3430316 |r 2025-04-22 |w 2019-11-20 |y BK |k CIM | ||